| 000 | 01604nam a2200385 c 4500 | ||
|---|---|---|---|
| 003 | BLK | ||
| 005 | 20250517124114.0 | ||
| 008 | 180411b bul|||||r ||||||| ||bul|| | ||
| 010 | _aKNG00199450000 | ||
| 020 |
_a978-954-26-1620-7 _bиздат.: Хермес |
||
| 040 | _aBLK | ||
| 041 |
_aBUL _cBUL |
||
| 072 | 7 |
_2bullib _aН85 _xДетска художествена литература Н |
|
| 080 |
_aАмериканска литература (на САЩ) _b821.111(73) _x-93-322.4 _z821.111(73)-93-322.4 |
||
| 100 | 1 |
_aСтайн, Робърт Лорънс _eпърви автор _9369934 |
|
| 700 | 1 |
_aРуева, Нина Стоянова _eпрев. _9373221 |
|
| 139 |
_aСтайн, Робърт Лорънс _bС 62 |
||
| 245 | 1 | 0 |
_aНощта, в която куклата оживя _bСтраховито и забавно _cРобърт Лорънс Стайн; прев. Нина Стоянова Руева. |
| 257 | _aUSA | ||
| 260 |
_аПловдив _bХермес _c2016 _fСофия : Алианс принт |
||
| 300 |
_a144 с. _c20 см |
||
| 380 | _aDX | ||
| 490 | 1 |
_aПоредица Goosebumps _v1 |
|
| 500 | _aОриг. загл. Night of the Living Dummy / R. L. Stine. | ||
| 653 | _aтрилъри | ||
| 653 | _aлитература за деца | ||
| 653 | _aдетска литература | ||
| 659 | _aН | ||
| 852 | _aЦб 284144 | ||
| 856 | 4 |
_qpdf _u |
|
| 856 | 4 |
_qpdf _u |
|
| 942 |
_cKNG _n0 _029 |
||
| 944 |
_aCR _c27.01.2017 _lКети Илиева _k30550 |
||
| 944 |
_aED _c21.06.2017 _lф / _kПенка_Димитрова |
||
| 999 |
_c190315 _d190315 |
||